000 00537nam a2200157 4500
001 143941
003 ES-MaACL
005 20230906200918.0
007 t|
008 070214s1924 xxu r ||||1| eng d
100 1 _aSherwell, Guillermo A.
_9106112
245 1 0 _aAntonio José de Sucre
_b: (gran mariscal de Ayacucho) : hero and martyr of american independence /
_cGuillermo A. Sherwell.
260 _aWashington :
_bPress of Byron S. Adams,
_c1924.
300 _aVIII, 236 p. ;
_c19 cm +
_e1 map.
852 _aES-MaACL
_jF-580
_bR.4538
999 _c143941
_d143941